HermitCraft Members by Seasons - Statistics

General Stats
  • This quiz has been taken 100 times
    33 since last reset
  • The average score is 14 of 26
Answer Stats
Seasons Answer % Correct
6 Seasons 6-11 Grian
92%
11 Seasons 1-11 JoeHills | Xisumavoid
85%
2 Seasons 10-11 Skizzleman | SmallishBeans
77%
10 Seasons 2-11 FalseSymmetry | iJevin | Mumbo Jumbo | TangoTek | xBCrafted | ZombieCleo
73%
7 Seasons 4-10 iskall85
73%
4 Seasons 8-11 GeminiTay | PearlescentMoon
69%
1 Season 1 777static777 | Brenybeast | Coestar | Cubehamster | Dinnerbone | Generikb | joshuaaap | Marc IRL | Shawnvmartin | Sokar
62%
6 Seasons 5-10 Stressmonster101
62%
8 Seasons 4-11 Cubfan135 | GoodTimesWithScar | Rendog | Welsknight
58%
9 Seasons 3-11 Docm77 | impulseSV
58%
8 Seasons 3-5, 7-11 EthosLab
58%
8 Seasons 2-9 TinfoilChef
58%
8 Seasons 1, 5-11 BdoubleO100
50%
7 Seasons 4-5, 7-11 VintageBeef
50%
7 Seasons 5-11 Zedaph
50%
9 Seasons 1-4, 7-11 Hypnotizd
46%
9 Seasons 1-3, 6-11 Keralis
46%
6 Seasons 1-6 Biffa2001
42%
4 Seasons 1-2, 4, 6 Jessassin
42%
3 Seasons 1-3 IAmSp00n | KingDaddyDMAC | Pungence | Skyzm | Topmass
38%
4 Seasons 3-6 PythonGB
38%
1 Season 2 Dewtroid | King Happy | Luclin | Marriland | VenomKisser
35%
2 Seasons 2-3 Sl1pg8r | Spumwack
31%
2 Seasons 1-2 alex2295 | Aureylian | CilantroGamer | Joenagee | Juicetra | Kiershar | Red3yz | Unhost
27%
4 Seasons 1-4 Monkeyfarm
27%
3 Seasons 2-4 Zueljin
23%
No matching quizzes found
Score Distribution
Percent of People with Each Score
Percentile by Number Answered
Your Score History
You have not taken this quiz since the last reset